Reflections on Spirituality (Record no. 20945)

MARC details
000 -LEADER
fixed length control field 00298nam a22001337a 4500
082 ## - DEWEY DECIMAL CLASSIFICATION NUMBER
Classification number 248 PRA
100 ## - MAIN ENTRY--AUTHOR NAME
Author name Prabhakar, Samson
245 ## - TITLE STATEMENT
Title Reflections on Spirituality
260 ## - PUBLICATION, DISTRIBUTION, ETC. (IMPRINT)
Place of publication Bangalore
Name of publisher Samson Prabhaker
Year of publication 2006
300 ## - PHYSICAL DESCRIPTION
Number of Pages 50
650 ## - SUBJECT ADDED ENTRY--TOPICAL TERM
Topical Term Spirituality
942 ## - ADDED ENTRY ELEMENTS (KOHA)
Koha item type Books
Holdings
Home library Current library Shelving location Date acquired Cost, normal purchase price Full call number Accession Number Koha item type
Henry Martyn Institute Library Henry Martyn Institute Library General stacks 04/27/2018 100.00 248 PRA 11003231 Books
                   Copyright © 2026 | Henry Martyn Institute | Hyderabad | TS-500052 | INDIA | Implemented by hmi.edu.in
Hit-Count:

Powered by Koha